La innovación en la gestión empresarial /
Exposición comparativa de diferentes herramientas informáticas y técnicas de administración, dividida en los siguientes capítulos: 1. Gestión del conocimiento. 2. Gestión por procesos. 3. Planificación de los recursos de fabricación. 4. Planificación de los recursos de la empresa y 5. Otros sistemas...
Gardado en:
| Autor Principal: | |
|---|---|
| Outros autores: | |
| Formato: | Libro |
| Idioma: | Lingua castelá |
| Temas: | |
| Etiquetas: |
Sen Etiquetas, Sexa o primeiro en etiquetar este rexistro!
|
MARC
| LEADER | 00000nam^a2200000^a^4500 | ||
|---|---|---|---|
| 001 | 000154372 | ||
| 005 | 20250521000000.0 | ||
| 009 | 20260310100351.18 | ||
| 020 | |a 84-607-1604-X | ||
| 037 | |a Acervo ITESO - Biblioteca | ||
| 041 | |a ESP | ||
| 082 | |a 658. 00285 |b PER | ||
| 100 | |a Perán González, José R. |e (coord.) | ||
| 245 | 1 | 3 | |a La innovación en la gestión empresarial / |c Coord. de J.R. Perán González, J. Miguel Hernando. |
| 264 | |a España : |b Centro de Automatización, Robótica y Tecnologías de la Información y la Fabricación, |c 2000 | ||
| 300 | |a 277 p. | ||
| 336 | |a texto |b txt |2 rdacontenido | ||
| 337 | |a sin mediación |b n |2 rdamedio | ||
| 338 | |a volumen |b nc |2 rdasoporte | ||
| 520 | |a Exposición comparativa de diferentes herramientas informáticas y técnicas de administración, dividida en los siguientes capítulos: 1. Gestión del conocimiento. 2. Gestión por procesos. 3. Planificación de los recursos de fabricación. 4. Planificación de los recursos de la empresa y 5. Otros sistemas de gestión basados en tecnologías de la información. | ||
| 649 | |a XX | ||
| 650 | |a Sistemas de Información - |x Administración | ||
| 650 | |a Conocimiento - |x Administración | ||
| 650 | |a Tecnologías de Comunicación e Información | ||
| 650 | |a Tecnologías de Comunicación e Información | ||
| 650 | |a Computadoras en la Industria | ||
| 650 | |a Informática | ||
| 650 | |a Planeación Administrativa | ||
| 650 | |a Administración del Producto | ||
| 650 | |a Proceso Administrativo | ||
| 650 | |a Empresas - |x Administración | ||
| 650 | |a Ciencias Administrativas | ||
| 700 | |a Miguel Hernando, Javier |e (coordinación) | ||
| 910 | |a Fondo General | ||
| 920 | |a Impresos - Libros | ||
| 930 | |a Colección General | ||
| 905 | |a 101 | ||
| 901 | |a 0500085826 |b IT1 |c ACC |u 20250521 | ||
| 902 | |a https://opac.biblio.iteso.mx/vufind/Record/000154372 | ||